Tribhuvan University Central Library

A first course in differential equations with modeling applications/Dennis G. Zill (Record no. 115175)

MARC details
000 -LEADER
fixed length control field 00533nam a22001817a 4500
008 - FIXED-LENGTH DATA ELEMENTS--GENERAL INFORMATION
fixed length control field 240702b |||||||| |||| 00| 0 eng d
020 ## - INTERNATIONAL STANDARD BOOK NUMBER
International Standard Book Number 9789353502539
041 ## - LANGUAGE CODE
Language code of text/sound track or separate title Eng.
082 ## - DEWEY DECIMAL CLASSIFICATION NUMBER
Classification number 515.35/Z65f
100 ## - MAIN ENTRY--PERSONAL NAME
Personal name Zill, Dennis G.
245 ## - TITLE STATEMENT
Title A first course in differential equations with modeling applications/Dennis G. Zill
250 ## - EDITION STATEMENT
Edition statement 11th ed.
260 ## - PUBLICATION, DISTRIBUTION, ETC.
Place of publication, distribution, etc. Delhi:
Name of publisher, distributor, etc. Cengage learning India,
Date of publication, distribution, etc. 2018
300 ## - PHYSICAL DESCRIPTION
Extent x,389p.:ill.
500 ## - GENERAL NOTE
General note Includes appendix & index
650 ## - SUBJECT ADDED ENTRY--TOPICAL TERM
Topical term or geographic name entry element Differential equation
942 ## - ADDED ENTRY ELEMENTS (KOHA)
Source of classification or shelving scheme Dewey Decimal Classification
Koha item type General Collections
Holdings
Withdrawn status Lost status Source of classification or shelving scheme Damaged status Not for loan Home library Current library Shelving location Date acquired Total Checkouts Full call number Barcode Date last seen Price effective from Koha item type
    Dewey Decimal Classification     Tribhuvan University Central Library Tribhuvan University Central Library New Building 07/02/2024   515.35/Z65f 168592 07/02/2024 07/02/2024 General Collections
    Dewey Decimal Classification     Tribhuvan University Central Library Tribhuvan University Central Library New Building 07/02/2024   515.35/Z65f 168593 07/02/2024 07/02/2024 General Collections
    Dewey Decimal Classification     Tribhuvan University Central Library Tribhuvan University Central Library New Building 07/02/2024   515.35/Z65f 168594 07/02/2024 07/02/2024 General Collections
    Dewey Decimal Classification     Tribhuvan University Central Library Tribhuvan University Central Library New Building 07/02/2024   515.35/Z65f 168595 07/02/2024 07/02/2024 General Collections
    Dewey Decimal Classification     Tribhuvan University Central Library Tribhuvan University Central Library New Building 07/02/2024   515.35/Z65f 168596 07/02/2024 07/02/2024 General Collections